00833nam a22002417a 4500003000400000005001700004008004100021040001800062050002300080100003700103240006800140245012300208250002200331264003300353300001800386336002200404337002400426338002400450490001300474650002500487700004700512700003200559OSt20260601193858.0260421b1974 mx ||||| |||| 00| 0 spa d aICIbspacICI aHB801 bB3618 1974 aBaudrillard, Jean,d1929-eautor a Pour une critique de l'economie politique du signe.lEspañol aCrítica de la economía política del signo / cpor Jean Baudrillard ; traducción de Aurelio Garzón del Camino aPrimera edición aMéxico :bSiglo XXI,c1974 a263 páginas 2rdacontentatexto 2rdamediaasin medio 2rdacarrieravolumen aTeoría aConsumo (Economía) a Garzón del Camino, Aurelio, etraductor aBaudrillard, Jean, d 1929-